Administración de operaciones (Registro nro. 1172)

Detalles MARC
000 -LEADER
fixed length control field 01567 a2200277 4500
001 - CONTROL NUMBER
control field 24290
005 - DATE AND TIME OF LATEST TRANSACTION
control field 20260407155527.0
008 - FIXED-LENGTH DATA ELEMENTS--GENERAL INFORMATION
fixed length control field 260407a2013 arg spa d
003 - CONTROL NUMBER IDENTIFIER
control field AR-UNSa-BCEJYS
040 ## - CATALOGING SOURCE
Original cataloging agency AR-UNSa-BCEJYS
Language of cataloging spa
Transcribing agency AR-UNSa-BCEJYS
080 ## - UNIVERSAL DECIMAL CLASSIFICATION NUMBER
Universal Decimal Classification number 658.5
Common auxiliary subdivision Planificación y control de la producción<br/>
020 ## - INTERNATIONAL STANDARD BOOK NUMBER
International Standard Book Number 978-607-32-2122-1
100 1# - MAIN ENTRY--PERSONAL NAME
Personal name González Osuna, Marcia
245 10 - TITLE STATEMENT
Title Administración de operaciones
Name of part/section of a work procesos y cadena de suministro
250 ## - EDITION STATEMENT
Edition statement 10a. ed.
264 #1 - PRODUCTION, PUBLICATION, DISTRIBUTION, MANUFACTURE, AND COPYRIGHT NOTICE
Place of production, publication, distribution, manufacture México :
Name of producer, publisher, distributor, manufacturer Pearson Educación
Date of production, publication, distribution, manufacture, or copyright notice 2013
300 ## - PHYSICAL DESCRIPTION
Extent xix, 636 p.
Dimensions 27 cm.
505 ## - FORMATTED CONTENTS NOTE
Formatted contents note 1. Uso de las operaciones para competir - 2. Administración de proyectos - 3. Estrategias de proyectos - 4. Análisis de procesos - 5. Calidad y desempeño - 6. Planeación de la capacidad - 7. Administración de restriciones - 8. Sistemas esbeltos - 9. Administración del inventario de la cadena de suministro - 10. Diseño de la cadena de suministro - 11. Decisiones de localización en la cadena de suministro - 12. Integración de la cadena de suministro - 13. Sustentabilidad de la cadena de suministro y logística humanitaria - 14. Pronósticos - 15. Planeación y programación de operaciones - 16. Planeación de recursos
590 ## - LOCAL NOTE (RLIN)
Local note niveau_biblio:m niveau_hierar:0
700 1# - ADDED ENTRY--PERSONAL NAME
Personal name Krajewski, Lee J.
700 1# - ADDED ENTRY--PERSONAL NAME
Personal name Ritzman, Larry P.
700 1# - ADDED ENTRY--PERSONAL NAME
Personal name Malhotra, Manoj K.
700 1# - ADDED ENTRY--PERSONAL NAME
Personal name Gigola Paglialunga, María Cristina
856 41 - ELECTRONIC LOCATION AND ACCESS
Uniform Resource Identifier <a href="https://biblioeco.unsa.edu.ar/pmb/images/libros/Administraci?n de Operaciones.jpg">https://biblioeco.unsa.edu.ar/pmb/images/libros/Administraci?n de Operaciones.jpg</a>
Link text Imagen de portada
Electronic format type image/jpeg
942 ## - ADDED ENTRY ELEMENTS (KOHA)
Koha item type
Existencias
Withdrawn status Lost status Damaged status Not for loan Home library Current library Shelving location Date acquired Total checkouts Full call number Barcode Date last seen Price effective from Koha item type
        Biblioteca Prof. Eusebio Cleto del Rey Biblioteca Prof. Eusebio Cleto del Rey   07/04/2026   658.5 K89 10ed. L119650 07/04/2026 07/04/2026 Libro
        Biblioteca Prof. Eusebio Cleto del Rey Biblioteca Prof. Eusebio Cleto del Rey   07/04/2026   658.5 K89 10ed. L119654 07/04/2026 07/04/2026 Libro
        Biblioteca Prof. Eusebio Cleto del Rey Biblioteca Prof. Eusebio Cleto del Rey   07/04/2026   658.5 K89 10ed. L119653 07/04/2026 07/04/2026 Libro
        Biblioteca Prof. Eusebio Cleto del Rey Biblioteca Prof. Eusebio Cleto del Rey   07/04/2026   658.5 K89 10ed. L119652 07/04/2026 07/04/2026 Libro
        Biblioteca Prof. Eusebio Cleto del Rey Biblioteca Prof. Eusebio Cleto del Rey   07/04/2026   658.5 K89 10ed. L119651 07/04/2026 07/04/2026 Libro